000 00739nam a2200229Ii 4500
003 JO-AjNU
008 230605s9999||||xx |||||||||||||| ||und||
017 _a1997/4113
020 _a977-283-041-8
040 _aJO-AjNU
_bara
_erda
_cJO-AjNU
041 _aara
050 1 4 _aPJ7842.H695.53 1998
100 3 _aتأليف خريس، سميحة,
_eauthor
_949236
245 0 0 _aشجرة الفهود... تقاسيم العشق: رواية
250 _aط1
264 3 1 _aالقاهرة:دار شرقيات اانشر والتوزيع،1998
300 _a268ص
336 _atext
_btxt
_2rdacontent
337 _aunmediated
_bn
_2rdamedia
338 _avolume
_bnc
_2rdacarrier
650 4 _aالأدب العربي - روايات
_949237
999 _aA21613
_c25181
_d25181